Detalles MARC
| 000 -CABECERA |
| campo fijo de control de longitud |
03382nam a2200745 4500 |
| 001 - NÚMERO DE CONTROL |
| campo de control |
32735 |
| 003 - IDENTIFICADOR DEL NÚMERO DE CONTROL |
| campo de control |
AR-RoBPED |
| 005 - FECHA Y HORADE LA ULTIMA TRANSACCION |
| campo de control |
20260512173414.0 |
| 008 - ELEMENTOS DE LONGITUD FIJA--INFORMACION GENERAL |
| campo fijo de control de longitud |
260508s1968 ag|abhd| |||| 001 0 spa | |
| 040 ## - FUENTE CATALOGADORA |
| Centro catalogador/agencia de origen |
AR-RoBPED |
| 041 ## - IDIOMA |
| Código de idioma para texto/pista de sonido o título independiente |
spa |
| 100 1# - ENCABEZAMIENTO PRINCIPAL--AUTOR PERSONAL |
| Nombre de persona |
Levillier, Roberto |
| Fechas nac-muerte |
1886-1969 |
| 9 (RLIN) |
7349 |
| Función |
dir. |
| 245 10 - TITULO |
| Título |
Historia argentina / |
| Mención de responsabilidad |
Dirección de Roberto Levillier ; explicación editorial de José Ignacio Ramos |
| 260 ## - PUBLICACION |
| Lugar |
Buenos Aires : |
| Editor |
Plaza & Janes, |
| Fecha |
1968. |
| 300 ## - DESCRIPCION FISICA |
| Extensión |
5 v : |
| Otros detalles físicos |
il., map., gráf., facs. |
| 490 0# - SERIE |
| Mención de serie |
Colección Historia de los pueblos de América |
| 505 0# - NOTA DE CONTENIDO |
| Contenido |
v.1: Libro 1: |
|
| Contenido |
El ámbito territorial. |
|
| Contenido |
Modalidades y naturaleza de los aborígenes. |
|
| Contenido |
Libro 2: |
|
| Contenido |
Descubrimientos marítimos. |
|
| Contenido |
v.2: Libro 3: |
|
| Contenido |
Creación de gobernaciones y ciudades en la Argentina. |
|
| Contenido |
El virreinato del Perú y Chile (1534-1573). |
|
| Contenido |
Libro 3: |
|
| Contenido |
Continuación. |
|
| Contenido |
Libro 4: |
|
| Contenido |
Organización política, jurídica, administrativa y religiosa. |
|
| Contenido |
Libro 5: |
|
| Contenido |
Formas de civilización. |
|
| Contenido |
Libro 6: |
|
| Contenido |
El afianzamiento de la Revolución (1810-1819). |
|
| Contenido |
Libro 7: |
|
| Contenido |
Luchas por la Independencia (1814-1824). |
|
| Contenido |
Libro 8: |
|
| Contenido |
Luchas por el poder. |
|
| Contenido |
Entre ideólogos y entre caudillos y federales. |
|
| Contenido |
v.3: |
|
| Contenido |
Las castas de la vida de las gobernaciones del virreinato . Importancia de cada sangre en la fusión étnica hasta 1810. |
|
| Contenido |
La arquitectura colonial y las artes en las gobernaciones de Tucumán, Cuyo y Río de La Plata en la época colonial. |
|
| Contenido |
Régimen monetario en el período colonial. |
|
| Contenido |
Ciudades y pueblos principales fundados hasta 1810. |
|
| Contenido |
Obra de los gobiernos patrios desde la expulsión del Virrey y la audiencia hasta el Directorio de Pueyrredón. Artes, ciencias y letras en se período. |
|
| Contenido |
Extensión de la revolución: campañas militares (1810-1818). |
|
| Contenido |
La revolución y la legitimidad del poder. |
|
| Contenido |
Plan continental y campaña libertadora de San Martín en Chile. |
|
| Contenido |
La batalla de la frontera norte. San Martín y la táctica de Güemes. Invasiones realistas. Muerte de Güemes (1810-1821). |
|
| Contenido |
Continuación de la campaña de independencia del Perú hasta el regreso de San Martín a Buenos Aires. |
|
| Contenido |
La batalla de la frontera norte (1821-1825). |
|
| Contenido |
Los gobiernos patrios, los caudillos y la anarquía (1819-1829). |
|
| Contenido |
Persistencia de la anarquía y primer gobierno de Rosas (1829-1832) y los de Balcarce Viamonte y Maza (1832-1834). Segundo gobierno de Rosas (1835-1852). |
|
| Contenido |
v.4: Libro 8: |
|
| Contenido |
Continuación. |
|
| Contenido |
Libro 9: |
|
| Contenido |
Régimen de gobierno presidencial. |
|
| Contenido |
v.5: Libro 10: |
|
| Contenido |
Aspectos de la evolución social y económica. |
|
| Contenido |
Libro 11: |
|
| Contenido |
Cultura, ciencias artes y letras. |
| 650 #4 - TERMINO DE MATERIA--CONTROLADO |
| Término controlado |
HISTORIA |
| 9 (RLIN) |
125 |
| 651 #0 - NOMBRE GEOGRAFICO |
| Nombre geográfico |
Argentina |
| 700 1# - ENCABEZAMIENTO SECUNDARIO--AUTOR PERSONAL |
| Nombre de persona |
Ramos, José Ignacio |
| 9 (RLIN) |
30916 |
| Función |
not. |
| 942 ## - ELEMENTOS KOHA |
| Fuente de clasificación |
Universal Decimal Classification |
| Número Koha |
k. 32735 |
| Koha tipo de ítem |
Libro |
| Clasificación |
982 |
| Pre signatura |
D |
| Signatura librística |
L 54 |
| N° inventario |
Inv. 4451-4452-4453-4454-4455-4456 |
| 945 ## - PROCESAMIENTO DE LA INFORMACIÓN LOCAL |
| Catalogador y fecha |
ag 08/05/2026 |